000 002930000a22001090004500
090 _aAS
_bSeriadas
245 1 0 _aApuntes Botánicas, IV
041 0 _aEspañol
100 1 _aRomero Castañeda, Rafael
_98613
942 _cARTICULO
773 1 _tMutisia: Acta Botánica Colombiana
_3893
_h38
_q1-18
_d1972
999 _c15309
_d15309